Central Library OPAC University of Rajshahi

রামায়ণম / (Record no. 81972)

MARC details
000 -LEADER
fixed length control field 01234nam a2200277 a 4500
001 - CONTROL NUMBER
control field 81972
003 - CONTROL NUMBER IDENTIFIER
rucl marc code BD-RjUL
005 - DATE AND TIME OF LATEST TRANSACTION
control field 20230924120412.0
008 - FIXED-LENGTH DATA ELEMENTS--GENERAL INFORMATION
fixed length control field 230924s2021 ii ||||| |||| 00| 0 ben d
020 ## - INTERNATIONAL STANDARD BOOK NUMBER
International Standard Book Number 9788195208630 (Vol. 1)
International Standard Book Number 9788195208623 (Vol. 2)
035 ## - SYSTEM CONTROL NUMBER
System control number (BD-RjUL)81972
040 ## - CATALOGING SOURCE
Original cataloging agency BD-RjUL
Language of cataloging eng
Transcribing agency BD-RjUL
041 ## - LANGUAGE CODE
Language code of text/sound track or separate title ben
082 ## - DEWEY DECIMAL CLASSIFICATION NUMBER
Edition number 23
Classification number 294.5922
Author mark and year BAR 2021
100 ## - MAIN ENTRY--PERSONAL NAME
Personal name বাল্মীকি
9 (RLIN) 9143
245 ## - TITLE STATEMENT
Title রামায়ণম /
Statement of responsibility, etc. বাল্মীকি ; অনুবাদ আলোচানা সম্পাদনা ধ্যানেশনারায়ণ চক্রবর্তী
250 ## - EDITION STATEMENT
Edition statement তথাগত সং.
260 ## - PUBLICATION, DISTRIBUTION, ETC. (IMPRINT)
Place of publication, distribution, etc. কলকাতা :
Name of publisher, distributor, etc. তথাগত,
Date of publication, distribution, etc. ২০২১
300 ## - PHYSICAL DESCRIPTION
Pagination খণ্ড;
Size ২৪ সেমি.
505 01 - FORMATTED CONTENTS NOTE
Formatted contents note খণ্ড ১ম (আদি, অযোধ্যা, অরণ্য ও কিষ্কিন্ধা কাণ্ড) -- খণ্ড ২য় (সুন্দর, যুদ্ধ ও উত্তর কাণ্ড)--
650 ## - SUBJECT ADDED ENTRY--TOPICAL TERM
Topical term or geographic name as entry element রামায়ণ
9 (RLIN) 9144
Topical term or geographic name as entry element Ramayana
9 (RLIN) 9145
700 ## - ADDED ENTRY--PERSONAL NAME
Personal name চক্রবর্তী, ধ্যানেশনারায়ণ
942 ## - ADDED ENTRY ELEMENTS (KOHA)
Source of classification or shelving scheme Dewey Decimal Classification
Koha item type Books
Holdings
Lost status Source of classification or shelving scheme Damaged status Not for loan Collection code Permanent Location Current Location Shelving location Date acquired Source of acquisition Cost, normal purchase price Total Checkouts Full call number Date last seen Copy number Koha item type
  Dewey Decimal Classification   Not For Loan Non-fiction Central Library, University of Rajshahi Central Library, University of Rajshahi Reading Room 08/08/2023 Dhaka: Omni Concept 590.00   B 294.5922 BAR V-1 2021 24/09/2023 C-1 Books
  Dewey Decimal Classification     Non-fiction Central Library, University of Rajshahi Central Library, University of Rajshahi General Stacks 08/08/2023 Dhaka: Omni Concept 590.00   B 294.5922 BAR V-1 2021 24/09/2023 C-2 Books
  Dewey Decimal Classification   Not For Loan Non-fiction Central Library, University of Rajshahi Central Library, University of Rajshahi Reading Room 08/08/2023 Dhaka: Omni Concept 590.00   B 294.5922 BAR V-2 2021 24/09/2023 C-1 Books
  Dewey Decimal Classification     Non-fiction Central Library, University of Rajshahi Central Library, University of Rajshahi General Stacks 08/08/2023 Dhaka: Omni Concept 590.00   B 294.5922 BAR V-2 2021 24/09/2023 C-2 Books
  Dewey Decimal Classification     Non-fiction Central Library, University of Rajshahi Central Library, University of Rajshahi General Stacks 22/02/2024 Dhaka : Book Finder 1388.00   B 294.5922 BAR V-1 2021 27/02/2024 C-3 Books
  Dewey Decimal Classification     Non-fiction Central Library, University of Rajshahi Central Library, University of Rajshahi General Stacks 22/02/2024 Dhaka : Book Finder 1388.00   B 294.5922 BAR V-1 2021 27/02/2024 C-4 Books
  Dewey Decimal Classification     Non-fiction Central Library, University of Rajshahi Central Library, University of Rajshahi General Stacks 22/02/2024 Dhaka : Book Finder 1388.00   B 294.5922 BAR V-1 2021 27/02/2024 C-5 Books